| 000 | 00785nam a22002297a 4500 | ||
|---|---|---|---|
| 005 | 20201128021154.0 | ||
| 008 | 150106s2014 ii adk fr 000 0 eng d | ||
| 020 | _a9789350992470 | ||
| 040 | _aEG-ScBUE | ||
| 082 | 0 | 0 |
_222 _a621.38456 _bARO |
| 100 | 1 |
_aArokiamary, V. Jeyasri _937067 |
|
| 245 | 1 | 0 |
_aMobile and pervasive computing / _cV. Jeyasri Arokiamary. |
| 246 | 3 | 4 |
_aMobile and pervasive computing : _ba conceptual approach |
| 260 |
_aPune, India : _bTechnical Publications, _c2014. |
||
| 300 |
_a[Various pagings] : _bcharts, forms, tables ; _c24 cm. |
||
| 500 | _aIncludes appendixes. | ||
| 650 | 0 |
_912950 _aWireless communication systems |
|
| 650 | 0 |
_aMobile computing _9835 |
|
| 653 |
_bCOMSCI _cJanuary2015 |
||
| 655 |
_vreading book _934232 |
||
| 942 |
_2ddc _k621.38456 ARO |
||
| 999 |
_c18839 _d18811 |
||